000 03318cam a2200649 i 4500
001 19447833
003 NUST
005 20220825111840.0
007 sd fsngnnmmned
007 co nga|a||d|||
008 170112t20172017nyua 000 0 eng d
010 _a 2017931010
020 _a9781438077987
_q(paperback)
020 _a143807798X
020 _a9781438087894
020 _a1438087896
035 _a(OCoLC)ocn973280804
038 _aAzhar
040 _aBTCTA
_beng
_cBTCTA
_erda
_dYDX
_dJQW
_dCHILD
_dVP@
_dOCL
_dK6U
_dFBR
_dFLWMD
_dSPP
_dSINLB
_dTCJ
_dOCLCQ
_dOCLCO
_dDLC
042 _alccopycat
050 0 0 _aPE1128
_b.L658 2017
082 0 4 _a428.24076
_223
_bLOU
100 1 _aLougheed, Lin,
_d1946-
_eauthor.
_982417
245 1 0 _aWriting for the TOEFL iBT
_cLin Lougheed.
246 3 0 _aTOEFL iBT
246 1 _iAt head of title:
_aBarron's
250 _a6th edition.
260 _aHauppauge, NY :
_bBarron's,
_c2017
264 1 _c2017.
300 _av, 309 pages :
_billustrations ;
_c28 cm +
_e1 audio disc (digital, MP3 file ; 4 3/4 in.)
336 _atext
_btxt
_2rdacontent
336 _aspoken word
_bspw
_2rdacontent
_3MP3 CD
337 _aunmediated
_bn
_2rdamedia
337 _aaudio
_bs
_2rdamedia
_3MP3 CD
338 _avolume
_bnc
_2rdacarrier
338 _aaudio disc
_bsd
_2rdacarrier
_3MP3 CD
344 _adigital
_boptical
_2rda
_3MP3 CD
347 _aaudio file
_bMP3
_2rda
_3MP3 CD
500 _a"4 writing model tests"--Cover.
505 0 _aSelf-test -- Writing skills: integrated task -- Writing skills: independent task -- Writing skills: both tasks -- Model tests.
520 _aThis updated manual prepares students to succeed on the TOEFL's Independent Task, the all-important essay question, and on the Integrated Task, which combines reading, listening, and writing skills. The author presents a three-step program designed to help students write like native speakers of English. His coaching entails gathering ideas, organizing details, and developing the chosen topic into clear, grammatical written English. He also provides exercises in proofreading and editing. Model essays and model integrated tasks are included for students to read and analyze. Lectures typical of those presented on actual tests are contained on the MP3 CD enclosed with the manual.
650 0 _aTest of English as a Foreign Language
_vStudy guides.
_955500
650 0 _aEnglish language
_vTextbooks for foreign speakers.
_913132
650 0 _aEnglish language
_xExaminations
_vStudy guides.
_955501
650 0 _aEnglish language
_vSound recordings for foreign speakers.
_995329
650 7 _aEnglish language.
_2fast
_0(OCoLC)fst00910920
650 7 _aEnglish language
_xExaminations.
_2fast
_0(OCoLC)fst00911153
_938860
650 7 _aTest of English as a Foreign Language.
_2fast
_0(OCoLC)fst01148211
655 7 _aSound recordings
_vfor foreign speakers.
_2fast
_0(OCoLC)fst01423859
_995330
655 7 _aStudy guides.
_2fast
_0(OCoLC)fst01423888
_924862
655 7 _aTextbooks
_vfor foreign speakers.
_2fast
_0(OCoLC)fst01423864
_994774
655 7 _aStudy guides.
_2lcgft
_924862
710 2 _aBarron's Educational Series, Inc.
_946776
906 _a7
_bcbc
_ccopycat
_d2
_eepcn
_f20
_gy-gencatlg
942 _2ddc
_cLC
999 _c590726
_d590726